000 00907nam a22002537a 4500
005 2011051007207.0
008 110510t xxu||||| |||| 00| 0 eng d
010 _aENG-102422
020 _a9788120342392
_c325.00
035 _aEN-85955
037 _bDBAD/PUB
040 _aDPL
_bEng
082 _a660.63
100 _aPrasad,Nooralabettu Krishna
_927875
245 _aEnzyme technology :
_cby Nooralabettu Krishna Prasad
_bpacemaker of biotechnology /
260 _aNew Delhi
_bPHI Learning
_c2011
270 _aM-97,Connaught Circus
_bNew Delhi
_e110001
300 _axii,360p. :
_c23cm (pbk)
_bill
500 _aIncludes bibliographical reference index
650 _927887
700 _927963
942 _2ddc
_cEN
_h660.63
_mPRA
999 _c52304
_d52304